MARC

LEADER 00000nam0a2200000 4500
001 274602
005 20231031230351.0
020 |a RU  |b 85-73546 
035 |a (RuTPU)RU\TPU\book\297812 
090 |a 274602 
100 |a 20141106d1985 k y0rusy5003 ca 
101 0 |a rus 
102 |a RU 
105 |a a z 001zy 
200 1 |a Ячеистый бетон и ограждающие конструкции из него  |e сборник научных трудов  |f Научно-исследовательский институт бетона и железобетона (НИИЖБ) ; под ред. А. Т. Баранова, Б. П. Филиппова 
210 |a Москва  |c Изд-во НИИЖБ  |d 1985 
215 |a 95 с.  |c ил. 
320 |a Библиогр.: с. 82 
606 1 |a Бетон и железобетон легкий  |2 stltpush  |3 (RuTPU)RU\TPU\subj\28448 
610 1 |a бетон ячеистый 
610 1 |a ограждающие конструкции 
610 1 |a технологии 
610 1 |a твердение 
610 1 |a металлоемкость 
610 1 |a промышленное строительство 
610 1 |a гражданское строительство 
610 1 |a экономическая эффективность 
675 |a 691.327:666.973  |z rus  |v 4 
702 1 |a Баранов  |b А. Т.  |g Анатолий Тимофеевич  |4 340 
702 1 |a Филиппов  |b Б. П.  |4 340 
712 0 2 |a Научно-исследовательский институт бетона и железобетона (НИИЖБ)  |2 stltpush  |3 (RuTPU)RU\TPU\col\20214 
801 0 |a RU  |b RuMRKP  |c 19950704  |g psbo 
801 1 |a RU  |b 63413507  |c 20141106 
801 2 |a RU  |b 63413507  |c 20170324  |g RCR 
942 |c BK